La ética del hacker y el espíritu de la era de la información /
Estudio sobre la ética de los hackers, sujetos expertos o entusiastas en el ámbito computacional, que se dedican a programar de manera apasionada y creen que es un deber para ellos compartir la información y elaborar software gratuito. No hay que confundirles con los crackers, denominación de aquell...
में बचाया:
| मुख्य लेखक: | |
|---|---|
| अन्य लेखक: | , |
| स्वरूप: | पुस्तक |
| भाषा: | स्पेनिश |
| प्रकाशित: |
Barcelona, España :
Destino,
2002, c2002
|
| श्रृंखला: | (Imago Mundi ;
3) |
| विषय: | |
| टैग: |
कोई टैग नहीं, इस रिकॉर्ड को टैग करने वाले पहले व्यक्ति बनें!
|
MARC
| LEADER | 00000nam^a2200000^a^4500 | ||
|---|---|---|---|
| 001 | 000156422 | ||
| 005 | 20250521000000.0 | ||
| 009 | 20260310100504.449 | ||
| 020 | |a 84-233-3390-6 | ||
| 037 | |a Acervo ITESO - Biblioteca | ||
| 041 | |a ESP | ||
| 082 | |a 302. 23701 |b HIM | ||
| 100 | |a Himanen, Pekka |e (autor) | ||
| 245 | 1 | 3 | |a La ética del hacker y el espíritu de la era de la información / |c P. Himanen ; pról. de L. Torvalds ; epílogo de M. Castells ; tr. por Ferran Meler Ortí. |
| 264 | 4 | |a Barcelona, España : |b Destino, |c 2002, c2002 | |
| 300 | |a 257 p. | ||
| 336 | |a texto |b txt |2 rdacontenido | ||
| 337 | |a sin mediación |b n |2 rdamedio | ||
| 338 | |a volumen |b nc |2 rdasoporte | ||
| 440 | 1 | |a (Imago Mundi ; |v 3) | |
| 500 | |a Traducción de: The Hacker Ethic and the Spirit of the Information Age | ||
| 520 | |a Estudio sobre la ética de los hackers, sujetos expertos o entusiastas en el ámbito computacional, que se dedican a programar de manera apasionada y creen que es un deber para ellos compartir la información y elaborar software gratuito. No hay que confundirles con los crackers, denominación de aquellos usuarios cuyo objetivo es la creación de virus e introducirse en otros sistemas con fines destructivos. Las bases de la actividad de los hackers implican una dimensión moral que desafía la ética protestante del trabajo, tal como la expuso Max Weber en su obra La ética protestante y el espíritu del capitalismo: frente a la laboriosidad diligente, la aceptación de la rutina, el valor del dinero y la preocupación por la cuenta de resultados, la ética de los hackers está fundamentada en la creatividad y en combinar la pasión con la libertad, el dinero deja de ser un valor en sí mismo y el beneficio se cifra en metas como el valor social y el libre acceso, la transparencia y la franqueza. | ||
| 649 | |a XX | ||
| 650 | |a Hackers y Crackers - |x Tema Principal | ||
| 650 | |a Profesionistas Independientes | ||
| 650 | |a Creatividad | ||
| 650 | |a Pasión | ||
| 650 | |a Libertad | ||
| 650 | |a Dinero | ||
| 650 | |a Etica Profesional | ||
| 650 | |a Internet - |x Aspectos Eticos | ||
| 650 | |a Internet - |x Aspectos Sociales y Culturales | ||
| 650 | |a Tecnologías de Comunicación e Información - |x Aspectos Sociales y Culturales | ||
| 650 | |a Tecnología y Sociedad | ||
| 650 | |a Sociología de la Comunicación | ||
| 700 | |a Torvalds, Linus |e (prólogo) | ||
| 700 | |a Castells, Manuel |e (epílogo) | ||
| 910 | |a Fondo General | ||
| 920 | |a Impresos - Libros | ||
| 930 | |a Colección General | ||
| 905 | |a 101 | ||
| 901 | |a 0500084276 |b IT1 |c ACC |u 20250521 | ||
| 902 | |a https://opac.biblio.iteso.mx/vufind/Record/000156422 | ||